Normale Ansicht MARC-Ansicht ISBD

Die Geschichte der totalitären Demokratie (Titelsatznr. 50333)

[ MARC ]
MARC-Details
000 -Satzkennung
Kontrollfeld mit fester Länge 00640nam a22001811cc4500
001 - Kontrollnummer
Kontrollfeld tt000654612+Band2
035 ## - Systemkontrollnummer
System-Kontrollnummer tt000654612
008 - Feld mit fester Länge zur physischen Beschreibung - Allgemeine Angaben
Kontrollfeld mit fester Länge 170707s2013 gw |||| 000u ger d
020 ## - Internationale Standardbuchnummer
Internationale Standardbuchnummer 9783525310090
Verknüpfung 978-3-525-31009-0
040 ## - Katalogisierungsquelle
Übertragungsstelle RU-10907106
003 - Kontrollnummer Identifier
Kontrollfeld RU-10907106
245 04 - Titel
Titel Die Geschichte der totalitären Demokratie
Zählung des Teils/der Abteilung eines Werkes Band 2
Titel eines Teils/einer Abteilung eines Werkes Politischer Messianismus : die romantische Phase
264 ## - Produktion, Veröffentlichung, Distribution, Herstellung und Urheberrechtsvermerk
Herstellungs-, Veröffentlichungs- Vertriebs-, Erzeugungsort Köln [u.a.] :
Produzent, Herausgeber, Distributor, Hersteller Vandenhoeck & Ruprecht,
Datum der Herstellung, der Veröffentlichung, des Vertriebs oder des Urheberschutzvermerks 2013
246 12 - Titelvarianten
Hauptsachtitel/Kurztitel Die Geschichte der totalitären Demokratie. Politischer Messianismus : die romantische Phase
Zählung des Teils/der Abteilung eines Werkes Band 2
300 ## - Physische Beschreibung
Umfang 623 S.
773 08 - Übergeordnete Einheit
Datensatzkontrollnummer tt000654612
Zählung und erste Seite Band2
942 ## - Zusätzliche Felder (Koha)
Koha-Medientyp Monographien
Exemplare
Ausgeschieden Verloren Klassifikation oder Aufstellungssystematik Beschädigt Nicht entleihbar Heimatbibliothek Aufenthaltsbibliothek Aufstellungsort Erwerbungsdatum Inventarnummer Signatur Barcode Letzte Aktivität Preis gültig von Koha-Medientyp
    Andere/Generische Klassifikation     MWN Osteuropa MWN Osteuropa Lesesaal 07/07/2017 13-01147 G 40 aW Tal 1 (2) E004015073EAC946 15/11/2020 22/03/2021 Monographien